000
00312nam a2200121Ia 4500
008
230822s2001 xx 000 0 und d
020
_a
0-470-84229-6
041
_a
eng
100
_a
SMITH DAVID LEE
245
_a
ENVIRONMENTAL ISSUES FOR ARCHITECTURE
260
_b
JOHN WILEY AND SONS LTD
_c
2001
300
_a
112
999
_c
859483
_d
859483